Loading...
Principles of agricultural engineering V.1 farm power and machinery farm buildings and post harvest technology
| Main Author: | |
|---|---|
| Other Authors: | |
| Format: | Printed Book |
| Language: | Undetermined English |
| Published: |
New Delhi
Jain Brothers
1966
|
| Subjects: |
| LEADER | 00643nam a2200181Ia 4500 | ||
|---|---|---|---|
| 008 | 140306s9999 xx 000 0 und d | ||
| 041 | |a eng | ||
| 082 | |a 631.3 |b MIC | ||
| 100 | |a Michael, A M | ||
| 245 | |a Principles of agricultural engineering V.1 farm power and machinery farm buildings and post harvest technology | ||
| 260 | |a New Delhi |b Jain Brothers |c 1966 | ||
| 300 | |a 635 | ||
| 650 | |a agricultural engineering | ||
| 650 | |a farm power | ||
| 700 | |a Ojha, T P | ||
| 942 | |2 ddc |c BK | ||
| 999 | |c 67226 |d 67226 | ||
| 952 | |0 0 |1 0 |2 ddc |4 0 |6 631_300000000000000_MIC |7 0 |9 73572 |a KAUACV |b KAUACV |d 2004-05-29 |o 631.3 MIC |p KAU_ACV-20347 |r 2014-03-22 |w 2014-03-22 |y BK | ||